00592nam a2200205Ia 450000500170000000800410001702000150005808200130007310000160008624500750010226000280017730000160020565000140022165000110023565000120024665000120025894200060027095200950027699900150037120241008013603.0240331s9999 xx 000 0 und d a0415127939 bHARa820 aHarvey, E.D 0aVentriloquized voices :bfeminist Theory and English renaissance texts aLondonbRoutledgec1995 ax, 173 p ., aSexuality aGender aHistory aCulture cL 001040708LaWERCLbWERCLcSSCd2024-03-31l0o 820 HARp5175r2024-03-31w2024-03-31yL c3166d3166